000 00231nam a2200097Ia 4500
005 20251222154405.0
008 251222s9999||||xx |||||||||||||| ||spa||
082 _aREF.985.008/C76/T.XIX/V.II
245 0 _aLa universidad
942 _cLIB
999 _c35441
_d35441